00509nam a2200193 a 4500001001300000003000900013005001700022008004100039020002300080082002000103100002000123245003200143260003300175300000900208500003500217505001000252650003300262700002000295nice12345678IN_TiNIC20260116013215.0050524s1995 newa grp 000 0 eng  a1570755 c92000a277.008997bPEE aPeelman, Achiel aChrist Is a Native American aNew YorkbOrbis Books c1995 a253p aincludes index and biblioraphy2 aIndex aChurch History-North America1 aPeelman, Achiel